Analýza možností zníženia nepodarkovosti v ZKW Slovakia s.r.o., Krušovce

Na minha lista:
Detalhes bibliográficos
Autor principal: Sluková, Zuzana (Author)
Outros Autores: Nováková, Renata (Thesis advisor)
Formato: Manuscrito Livro
Idioma:eslovaco
Publicado em: 2017
Assuntos:
Acesso em linha:http://is.stuba.sk/zp/portal_zp.pl?podrobnosti=115043
Tags: Adicionar Tag
Sem tags, seja o primeiro a adicionar uma tag!

MARC

LEADER 00000ntm a22000003a 4500
001 stuzp62611
003 SK-STU
005 20170708210537.0
007 ta
008 150427s2015----xo-----f-mn---000-0-slo-d
040 |a STU  |b slo 
041 0 |a slo 
100 1 |a Sluková, Zuzana  |u 064000  |4 aut  |U MTF Materiálovotechnologická fakulta  |T MTF Ústav priemyselného inžinierstva a manažmentu  |X 73388  |U M4000  |Y 84  |7 73388 
242 0 1 |a Analysis of possibilities to reduce defectiveness in ZKW Slovakia s.r.o., Krušovce  |y eng 
245 1 0 |a Analýza možností zníženia nepodarkovosti v ZKW Slovakia s.r.o., Krušovce 
260 |c 2017 
650 4 |a nepodarkovosť  |2 slo 
650 4 |a Ishikawa diagram  |2 slo 
650 4 |a Paretova analýza  |2 slo 
650 4 |a Pareto analysis  |2 eng 
650 4 |a defectiveness  |2 eng 
650 4 |a Ishikawa diagram  |2 eng 
700 1 |a Nováková, Renata  |u 064000  |k Z1  |4 ths  |U MTF Materiálovotechnologická fakulta  |T MTF Ústav priemyselného inžinierstva a manažmentu  |X 1481  |U M4000  |Y 84  |7 A000001481 
856 4 |u http://is.stuba.sk/zp/portal_zp.pl?podrobnosti=115043 
996 |c M* BP-8173  |l MMSKP  |s P  |a 0  |w stuzp62611_0001